Clinical Pharmacology for Prescribing (Record no. 44213)

MARC details
003 - CONTROL NUMBER IDENTIFIER
control field DLC
005 - DATE AND TIME OF LATEST TRANSACTION
control field 20260401104137.0
008 - FIXED-LENGTH DATA ELEMENTS--GENERAL INFORMATION
fixed length control field 2020s2020 xx 000 0 eng d
020 ## - INTERNATIONAL STANDARD BOOK NUMBER
International Standard Book Number 9780199694938
040 ## - CATALOGING SOURCE
Original cataloging agency DLC
Language of cataloging eng
050 #4 - LIBRARY OF CONGRESS CALL NUMBER
Classification number RM300 .E45 2020
082 04 - DEWEY DECIMAL CLASSIFICATION NUMBER
Classification number 615.1
100 1# - MAIN ENTRY--PERSONAL NAME
Personal name Emmett, Stevan R.
Relator term author.
245 10 - TITLE STATEMENT
Title Clinical Pharmacology for Prescribing
Statement of responsibility, etc Emmett, Stevan R..
264 #1 - PUBLICATION, DISTRIBUTION, ETC. (IMPRINT)
Name of publisher, distributor, etc Oxford University Press
Date of publication, distribution, etc 2020
300 ## - PHYSICAL DESCRIPTION
Extent xix, 732p.: ill.
336 ## - CONTENT TYPE
Source CC
338 ## - CARRIER TYPE
Source CC
650 #0 - SUBJECT ADDED ENTRY--TOPICAL TERM
Topical term or geographic name as entry element Clinical pharmacology
650 #0 - SUBJECT ADDED ENTRY--TOPICAL TERM
Topical term or geographic name as entry element Pharmacology
650 #0 - SUBJECT ADDED ENTRY--TOPICAL TERM
Topical term or geographic name as entry element Drug therapy
650 #0 - SUBJECT ADDED ENTRY--TOPICAL TERM
Topical term or geographic name as entry element Therapeutics
942 ## - ADDED ENTRY ELEMENTS (KOHA)
Source of classification or shelving scheme Library of Congress Classification
Koha item type Books
Holdings
Withdrawn status Lost status Source of classification or shelving scheme Damaged status Not for loan Permanent Location Current Location Date acquired Total Checkouts Full call number Barcode Date last seen Price effective from Koha item type
    Library of Congress Classification     NILE UNIVERSITY OF NIGERIA - MAIN LIBRARY NILE UNIVERSITY OF NIGERIA - MAIN LIBRARY 04/01/2026   RM 300 .C55 2020 0199562 04/01/2026 04/01/2026 Books